|
|
|
|
| LEADER |
01264nab#a2200385#ar4500 |
| 001 |
000086621 |
| 003 |
SVKKK |
| 005 |
20071108090629.0 |
| 008 |
071105c xo e huno |
| FMT |
|
|
|
| 038 |
|
|
|a SVKKK
|
| 040 |
|
|
|a SVKKK
|b slo
|e AACR2
|
| 041 |
0 |
|
|a hun
|
| 044 |
|
|
|a xo
|c SK
|
| 080 |
|
|
|a 284.2
|2 1997
|
| 080 |
|
|
|a 929 Berecz, Otokar
|2 1997
|
| 080 |
|
|
|a 929 Péter, Michal
|2 1997
|
| 100 |
1 |
|
|a Péter, Michal,
|d 18??-19??
|4 aut
|
| 242 |
1 |
0 |
|a List do redakcie
|
| 245 |
1 |
0 |
|a Levél a szerkesztőhöz
|c Mihály Péter
|
| 500 |
|
|
|a Popis z mikrofilmu
|
| 520 |
2 |
|
|a Polemika na stránkach novín s Karolom Bereczom, otcom kalvínskeho učiteľa Otokara Berecza z Milhostova
|
| 600 |
1 |
4 |
|a Berecz, Otokar,
|d 18??-19??,
|x učiteľ kalvínsky
|z Milhostov
|x pôsobenie
|
| 600 |
1 |
4 |
|a Péter, Michal,
|d 18??-19??,
|x kalvínsky farár
|z Sečovce (Slovensko)
|x pôsobenie
|
| 650 |
0 |
4 |
|a listy
|x polemika
|
| 773 |
0 |
|
|t Felsőmagyarországi Hirlap : Politikai ujság
|g Roč. 6, č. 38 (18.05.1903), s. 3
|
| 957 |
|
|
|a 811
|
| 958 |
|
|
|a DG
|
| 958 |
|
|
|a HU
|
| 974 |
|
|
|a Ba
|
| 992 |
|
|
|a RBX
|
| 997 |
|
|
|a Berecz, Ottó p. Berecz. Otokar
|d Miglécz p. Milhostov
|
| 997 |
|
|
|a Péter, Mihály p. Péter, Michal
|d Gálszécs p. Sečovce
|
| BAS |
|
|
|
| 998 |
|
|
|a RETRO
|